Погрешности определения теплофизических характеристик методом лазерной вспышки, обусловленные толщиной образца и длительностью теплового импульса; Измерительная техника; № 4

Podrobná bibliografie
Parent link:Измерительная техника: научно-технический журнал.— , 1939-
№ 4.— 2012.— [С. 51-54]
Hlavní autor: Кузнецов Г. В. Гений Владимирович
Korporativní autor: Национальный исследовательский Томский политехнический университет (ТПУ) Энергетический институт (ЭНИН) Кафедра теоретической и промышленной теплотехники (ТПТ)
Další autoři: Кац М. Д. Марк Давыдович
Shrnutí:Заглавие с экрана
Оценены погрешности определения теплофизических характеристик материалов методом лазерной вспышки, зависящих от толщины образца и длительности импульса нагрева. Оценки получены сравнением результатов численного решения одномерной задачи теплопроводности в образцах материалов при воздействии на их поверхность теплового импульса малой длительности в условиях, соответствующих эксперименту, и истинных значений этих характеристик.
The assessment of errors of thermophysical characteristics of materials determination by laser flash method depending on sample thickness and heating pulse duration is carried out. The estimations are one by comparison of results of the numerical solution of one-dimensional heat conductivity problem in material samples at exposure on its surface of short duration heat pulse during the experiment and the true values ??of these characteristics.
Режим доступа: по договору с организацией-держателем ресурса
Jazyk:ruština
Vydáno: 2012
Témata:
On-line přístup:http://elibrary.ru/item.asp?id=17708403
Médium: MixedMaterials Elektronický zdroj Kapitola
KOHA link:https://koha.lib.tpu.ru/cgi-bin/koha/opac-detail.pl?biblionumber=641338

MARC

LEADER 00000naa0a2200000 4500
001 641338
005 20250327105452.0
035 |a (RuTPU)RU\TPU\network\6238 
035 |a RU\TPU\network\6231 
090 |a 641338 
100 |a 20150515d2012 k||y0rusy50 ca 
101 0 |a rus 
102 |a RU 
135 |a drcn ---uucaa 
181 0 |a i  
182 0 |a b 
200 1 |a Погрешности определения теплофизических характеристик методом лазерной вспышки, обусловленные толщиной образца и длительностью теплового импульса  |f Г. В. Кузнецов, М. Д. Кац 
203 |a Текст  |c электронный 
300 |a Заглавие с экрана 
320 |a [Библиогр.: с. 54 (10 назв.)] 
330 |a Оценены погрешности определения теплофизических характеристик материалов методом лазерной вспышки, зависящих от толщины образца и длительности импульса нагрева. Оценки получены сравнением результатов численного решения одномерной задачи теплопроводности в образцах материалов при воздействии на их поверхность теплового импульса малой длительности в условиях, соответствующих эксперименту, и истинных значений этих характеристик. 
330 |a The assessment of errors of thermophysical characteristics of materials determination by laser flash method depending on sample thickness and heating pulse duration is carried out. The estimations are one by comparison of results of the numerical solution of one-dimensional heat conductivity problem in material samples at exposure on its surface of short duration heat pulse during the experiment and the true values ??of these characteristics. 
333 |a Режим доступа: по договору с организацией-держателем ресурса 
461 |t Измерительная техника  |o научно-технический журнал  |d 1939- 
463 |t № 4  |v [С. 51-54]  |d 2012 
610 1 |a электронный ресурс 
610 1 |a труды учёных ТПУ 
610 1 |a теплофизические измерения 
610 1 |a материалы 
610 1 |a теплопроводность 
610 1 |a лазерная вспышка 
700 1 |a Кузнецов  |b Г. В.  |c специалист в области теплоэнергетики  |c профессор Томского политехнического университета, доктор физико-математических наук  |f 1949-  |g Гений Владимирович  |3 (RuTPU)RU\TPU\pers\25528  |9 11458 
701 1 |a Кац  |b М. Д.  |c специалист в области теплоэнергетики  |c доцент Томского политехнического университета, кандидат физико-математических наук  |f 1947-  |g Марк Давыдович  |3 (RuTPU)RU\TPU\pers\25527  |9 11457 
712 0 2 |a Национальный исследовательский Томский политехнический университет (ТПУ)  |b Энергетический институт (ЭНИН)  |b Кафедра теоретической и промышленной теплотехники (ТПТ)  |3 (RuTPU)RU\TPU\col\18679 
801 2 |a RU  |b 63413507  |c 20150515  |g RCR 
856 4 |u http://elibrary.ru/item.asp?id=17708403 
942 |c CF